LEADER 01150nam a2200277 i 4500 001 000000157045 003 CaOOAMICUS 005 20181213155614.0 008 080108s1979 it u000 u ita u 013 $a134400 040 $aSeMil$bita 100 1 $aBoccia, Lionello G.$0(OLS)http://semarc/name/61341 245 10$aArmi e armature lombarde /$cLionello G. Boccia, Francesco Rossi, Marco Morin. 260 $aMilano :$bElecta,$c1979. 300 $a270 p. ;$c35 cm. 500 $aEsempl. espressamente impresso per Giovanni Colombo. - Fondo Card. Giovanni Colombo. 650 4$aArmature - Lombardia - Sec. 14.-19.$0(OLS)http://semarc/subject/30735 700 1 $aMorin, Marco.$0(OLS)http://semarc/name/61342 700 1 $aRossi, Francesco,$d<1939- ,$ccritico d'arte>.$0(OLS)http://semarc/name/108697 850 $aSeMil 852 $aSeMil$W1$xVenegono$y1$m5I IX 53$j108774$B108774$CSeMilBibl$Z2$F130306 $8I 941 1 $a3 961 $aLascito: Colombo Card. Giovanni 996 $6245$aArmi e armature lombarde$9(OLS)http://semarc/title/230290 996 $6260$aMilano :$bElecta$9(OLS)http://semarc/publisher/29711 LEADER 00804nam a2200217 i 4500 001 000000186422 003 CaOOAMICUS 005 20100226000000.0 008 100226s1944 it u000 u ita u 013 $a164469 040 $aSeMil$bita 100 1 $aBruers, Antonio.$0(OLS)http://semarc/name/35830 245 10$aGesł nel secolo ventesimo /$cAntonio Bruers. 250 $a2. ed. accresciuta. 260 $aRoma :$bEd. Stella,$c1944. 300 $a218 p. ;$c19 cm. 650 4$aBibbia. Nuovo Testamento. Vangeli.$0(OLS)http://semarc/subject/273 850 $aSeMil 852 $aSeMil$W1$xVenegono$y1$m2X II 195$j137109$B137109$CSeMilBibl$Z2$F148680 $81 996 $6245$aGesł nel secolo ventesimo$9(OLS)http://semarc/title/267979 996 $6260$aRoma :$bEd. Stella$9(OLS)http://semarc/publisher/49920